|
|
|
|
| LEADER |
00940cam a2200253 7i4500 |
| 001 |
0000020258 |
| 005 |
20120403090000.0 |
| 020 |
|
|
|a 9789831241141
|
| 020 |
|
|
|a 9831241142 (pbk.)
|
| 090 |
0 |
0 |
|a TT518
|b .M37 2003
|
| 100 |
0 |
|
|a Mariam Abu Bakar
|
| 245 |
1 |
0 |
|a Variasi panduan menjahit pakaian wanita
|c Mariam Abu Bakar.
|
| 260 |
|
|
|a Shah Alam, Selangor:
|b Alaf 21 Sdn Bhd,
|c 2003.
|
| 300 |
|
|
|a 336 p.:
|b ill.;
|c 27 cm.
|
| 650 |
0 |
0 |
|a Clothing and dress
|
| 650 |
0 |
0 |
|a Sewing
|
| 650 |
0 |
0 |
|a Dressmaking
|
| 650 |
0 |
0 |
|a Dressmaking --
|x Patterns
|
| 999 |
|
|
|a 0000029560
|b BOK
|c REFERENCE
|e 2nd Floor, Shah Alam
|
| 999 |
|
|
|a 0000029561
|b BOK
|c REFERENCE
|e Ground Floor, Bestari Jaya
|
| 999 |
|
|
|a 0000029562
|b BOK
|c REFERENCE
|e Ground Floor, Bestari Jaya
|
| 999 |
|
|
|a 0000041215
|b BOK
|c REFERENCE
|e Ground Floor, Bestari Jaya
|
| 999 |
|
|
|a 0000041216
|b BOK
|c REFERENCE
|e Ground Floor, Bestari Jaya
|
| 999 |
|
|
|a 0000041217
|b BOK
|c REFERENCE
|e 2nd Floor, Shah Alam
|